000
00260nam a2200109Ia 4500
008
220204s9999 xx 000 0 und d
082
_a
82-3SIL
_b
TAY
100
_a
Taylor, Abra
245
0
_a
Season of seduction
260
_a
Kent
_b
Silhouette
_c
1983
942
_c
BK
999
_c
37893
_d
37893